Fazilet mücadelesi (Record no. 7964)

MARC details
000 -BAŞLIK
Sabit Uzunlukta Kontrol Alanı 00799na a2200265 4500
001 - KONTROL NUMARASI
Denetim Alanı 15077
003 - KONTROL NUMARASI IDENTIFIER
Denetim Alanı MIRAKIL
005 - SON İŞLEM TARİHİ VE ZAMANI
Denetim Alanı 20181213155155.0
008 - SABİT-BOY VERİ ELEMANLARI - GENEL BİLGİLER
Sabit Uzunlukta Kontrol Alanı 160917b tu 000 0
035 ## - SİSTEM KONTROL NUMARASI
Sistem Kontrol Numarası 15077
040 ## - KATALOGLAMA KAYNAK
Orijinal Kataloglama Ajansı Milas
Kataloglama Dili tur
Metne Dönüştürmek Ajansı TR-AnCHP
082 ## - DEWEY ONLU SINIFLANDIRMA NUMARASI
Sınıflandırma Numarası 923.173 Kennedy,John F.
Ürün Numarası K35f 1963
090 ## - SINIFLAMA NUMARASI
Sınıflama Numarası 923.173 K35f 1963
100 ## - ANA GİRİŞ - KİŞİSEL İSİM
Kişisel Ad Kennedy,John F.
245 ## - BAŞLIK TABLOSU
Başlık Fazilet mücadelesi
Başlığın Kalan Profiles in courage
Sorumluluk Tablosu, Vb John F. Kennedy: çeviren Arif H.Özbilen
246 ## - UNVAN FORM VARYING
Başlık Doğru / Kısa Başlığı Profiles in courage
260 ## - YAYIN, DAĞITIM, VB
Yayın, Dağıtım, Vb Yeri İstanbul
Yayıncı, Dağıtıcı, Vs Adı Işık Kitapları
Yayın, Dağıtım, Vb Tarihi 1963
300 ## - FİZİKSEL TANIM
Kapsam 267 s.
Boyutlar 16 sm.
490 ## - SERİSİ TABLOSU
Seri Beyanı Işık Kitapları
Hacim / Ardışık Tanımı 7
600 ## - KONU KATMA GİRİŞ - KURUMSAL ADI
Kişisel Ad Kennedy,John F.
Bir Adıyla İlişkilendirilen Tarihler 1917 - 1963
Genel Alt Bölümü Anılar
650 ## - KONU KATMA GİRİŞ - TOPİKAL DÖNEM
Topikal Süreli Veya Coğrafi Ad Giriş Elemanı Siyaset ve yönetim
Coğrafi Alt Bölümü ABD
651 ## - KONU KATMA GİRİŞ - COĞRAFİ ADI
Coğrafi İsim ABD
Genel Alt Bölümü Devlet başkanları
700 ## - KATMA GİRİŞ - KİŞİSEL İSİM
Kişisel Ad Özbilen, Arif H.
942 ## - EKLENDİ GİRİŞ ELEMANLARI (KOHA)
Sınıflandırma Veya Raf Düzeni Kaynak Dewey Decimal Classification
Koha Öğesi Türü Books
999 ## - SİSTEM KONTROL NUMARALARI (KOHA)
Koha Biblionumber 7964
Koha Biblioitemnumber 7964
Holdings
Kalıcı Konum Mevcut Konum Edinme Tarihi Edinim Kaynak Toplam Check-Out'Lar Tam Çağrı Numarası Barkod Tarih Son Görülme İtibaren Geçerli Fiyatlar Koha Öğesi Türü
CHP Kütüphanesi CHP Kütüphanesi 09/03/2016 Bağış   923.173 K35f 1963 003249 09/03/2016 09/03/2016 Books